000 00870 a2200217 4500
005 20260318144231.0
008 260318b |||||||| |||| 00| 0 eng d
020 _a9789380459172 (hbk)
037 _cTB
040 _aBL
_cBL
041 _2hin
_ahin
084 _a4:(D65,8(B) 152Q5
_qBL
100 _aहर्षदेव
_91114832
245 _aऑनलाइन पत्रकारिता
260 _aनई दिल्ली, भारत:
_bभारतीय पुस्तक परिषद्,
_c2015.
300 _a143पृ.
650 _aकंप्युटर
_91132469
650 _aपत्रकारिता
942 _cTB
_2CC
_h4:(D65,8(B) 152Q5
999 _c1679088
_d1679088